Fünff Vnderschiedliche Secreta Politica von Anstellung/Erhaltung vnd Vermehrung guter Policey /

Hlavní autor: Obrecht, Georg, 1547-1612
Další autoři: Schefold, Bertram, 1943-
Jazyk: Němčina
Vydáno: Hildesheim : Olms-Weidmann, 2003
Edice: Historia scientiarum. Wirtschaftswissenschaften
Témata:
Fyzický popis: [490] s. v různém stránkování ; 22 cm
Knihy
Uloženo v:
LEADER 01385nam a2200373 a 4500
001 000682656
003 CZ BrMZK
005 20031024094758.0
007 ta
008 030819s2003 gw f 000 0dger d
020 |a 3-487-11880-7  |q (váz.) 
035 |a (OCoLC)52980173 
040 |a BOA001  |b cze 
043 |a e-gx--- 
080 |a 32  |2 MRF 
080 |a (430)  |2 MRF 
080 |a (0.045)  |2 MRF 
080 |a 35  |2 MRF 
100 1 |a Obrecht, Georg,  |d 1547-1612  |7 mzk2003186091  |4 aut 
245 1 0 |a Fünff Vnderschiedliche Secreta Politica von Anstellung/Erhaltung vnd Vermehrung guter Policey /  |c Georg Obrecht ; herausgegeben von Bertram Schefold 
260 |a Hildesheim :  |b Olms-Weidmann,  |c 2003 
300 |a [490] s. v různém stránkování ;  |c 22 cm 
490 1 |a Historia scientiarum. Wirtschaftswissenschaften 
500 |a Reprint: 1644 
504 |a Obsahuje rejstřík 
541 |a Köln, Fritz Thyssen Stiftung 
650 0 7 |a politika  |7 ph115795  |z Německo  |y do r. 1700  |2 czenas 
650 0 7 |a státní správa  |7 ph126193  |z Německo  |y do r. 1700  |2 czenas 
655 7 |a reprinty  |7 fd133253  |2 czenas 
700 1 |a Schefold, Bertram,  |d 1943-  |7 jn20000604867  |4 edt 
830 0 |a Historia scientiarum.  |p Wirtschaftswissenschaften 
910 |a BOA001  |b RP-1123.073 
990 |a BK 
996 6 |b 2610198796  |c RP-1123.073  |l MZK  |r Sklad / do 1 hodiny  |n 1  |p dar  |w 000682656  |u 000010  |a 1  |e BOA001  |j MZK50  |s P